Les coquillages de France - Statistiques

Statistiques générales
  • Ce quiz a été pris 98 fois
  • Le résultat moyen est 9 sur 16
Statistiques - réponses
Par images Hint Réponse % Correct
H Huître
97%
C Couteau
90%
M Moule
90%
O Oursin
90%
P Palourde
89%
B Bigorneau
72%
C Coquille St Jacques
68%
B Bulot
59%
C Coque
53%
O Ormeau
44%
P Praire
38%
P Pétoncle
35%
A Amande
30%
T Telline
28%
V Vernis
8%
N Noisette
5%
Aucun quiz correspondant
Distribution des résultats
% des personnes avec chaque résultat
Percentile par nombre de réponses
Votre historique - résultats
Vous n’avez pas pris ce quiz